Алиса в Страната на чудесата | Алиса в Огледалния свят (Запис номер 144233)
[ съкратено ]
| 000 -Лидер | |
|---|---|
| Контролно поле с фиксирана дължина | 02109nam a2200445 c 4500 |
| 003 - Код на организацията, давaща контролен номер | |
| Контролно поле | BLK |
| 005 - Дата и час на последна редакция | |
| Контролно поле | 20250315165225.0 |
| 008 - Елементи от данни с фиксирана дължина | |
| fixed length control field | 180410b bul|||||r ||||||| ||bul|| |
| 010 ## - Наследен системен номер | |
| LC control number | KNG00150385000 |
| 040 ## - Източник на каталожния запис | |
| Идентификатор на билиотеката - собственик на записа | BLK |
| 041 ## - Код за език | |
| Код за езика на текст/звукозапис или на отделно заглавие | Български |
| Код за езика КДБФ | Български |
| 080 ## - УДК | |
| Текстов определител УДК | Английска литература |
| УДК код - определител по УДК | 821.111 |
| УДК определител | -93-32 |
| УДК - код + определител | 821.111-93-32 |
| 100 1# - Редна дума - Автор | |
| Автор | Карол, Луис |
| Авторска отговорност | първи автор |
| Автор - информация (биография) | Доджсон, Чарлз |
| R(LIN) | 371623 |
| 139 ## - Редно поле | |
| Редна дума | Карол, Луис |
| Авторски знак | Каро - К 42 |
| 245 10 - Сведения за заглавието | |
| Заглавие | Алиса в Страната на чудесата |
| Редно поле (дума) | Луис Карол; прев. от англ. Лазар Голдман, Стефан Гечев; ил. Петър Панов Чуклев; * Чарлс Латуидж Доджсън. |
| 245 10 - Сведения за заглавието | |
| Заглавие | Алиса в Огледалния свят |
| Подзаглавни данни | Приказни повести за деца |
| 257 ## - Страна на издаване | |
| Страна на създаване/издаване | Великобритания |
| 260 ## - Област на издателските данни | |
| Име на издателя, разпространителя и проч. | Нар. младеж |
| Година на издаване | 1965 |
| Печатница | София : Д. Благоев |
| 300 ## - Физическа характеристика | |
| Страници | 212 с. |
| Илюстрации и др. | с ил., 8 л. ил. |
| Размери/Мащаб | 27 см |
| 380 ## - Жанр | |
| Жанр | Детска худож. лит. |
| 490 1# - СЕРИИ (Колекции) | |
| Име на серия | Златна библиотека |
| 490 1# - СЕРИИ (Колекции) | |
| Име на серия | Избрани творби за деца и юноши |
| №: серия | № 9 |
| 500 ## - Общи забележки | |
| Забележка | Ориг. загл. Alice's adventures in Wonderland. Through the Looking-Glass. - В кн. Алиса в Страната на чудесата е 2. изд. - 1. изд. 1948 на кн. Алиса в Страната на чудесата. - 30 000 тир. |
| 653 ## - Ключова дума – ненормативна | |
| Ключова дума | приказни повести |
| 653 ## - Ключова дума – ненормативна | |
| Ключова дума | литература за деца |
| 653 ## - Ключова дума – ненормативна | |
| Ключова дума | детска литература |
| 700 1# - Други автори (авторска отговорност) | |
| Лично име | Голдман, Лазар |
| Автороска отговорност (Описва отношението между автора и произведението) | прев. от англ. |
| 9 (RLIN) | 368903 |
| 700 ## - Други автори (авторска отговорност) | |
| Лично име | Гечев, Стефан Албертов |
| 9 (RLIN) | 363585 |
| 700 1# - Други автори (авторска отговорност) | |
| Лично име | Чуклев, Петър Панов |
| Автороска отговорност (Описва отношението между автора и произведението) | ил. |
| 9 (RLIN) | 378888 |
| 700 1# - Други автори (авторска отговорност) | |
| Лично име | Доджсън, Чарлс Латуидж |
| Автороска отговорност (Описва отношението между автора и произведението) | * |
| 9 (RLIN) | 328251 |
| 852 ## - Местоположение | |
| Форматна сигнатура | Цб ІІ 18937 |
| 856 4# - Електронен адрес и достъп | |
| Електронен формат | pdf - файл |
| 856 4# - Електронен адрес и достъп | |
| Електронен формат | pdf - файл |
| 942 ## - АРТИКУЛИ | |
| Вид на библиотечния материал | Книги |
| Скрит в OPAC | Не |
| Периодичен библиозапис | Да |
| Koha issues (borrowed), all copies | 2 |
| 944 ## - СЪЗДАВАНЕ И РЕДАКЦИЯ на ЗАПИСА | |
| Създаване/Редакция | Създаване |
| Дата на регистрацията/редакция | 12.09.2013 |
| Статус, дата на статуса | Кети Илиева |
| Служител, извършил регистрацията/редакцията | 30550 |
| 944 ## - СЪЗДАВАНЕ И РЕДАКЦИЯ на ЗАПИСА | |
| Създаване/Редакция | Редакция |
| Дата на регистрацията/редакция | 10.04.2014 |
| Статус, дата на статуса | 12.09.2013 - от С1,Р / 12.09.2013 |
| 999 ## - СИСТЕМНИ КОНТРОЛНИ НОМЕРА | |
| Koha biblionumber | 144233 |
| Koha biblioitemnumber | 144233 |
| 999 ## - СИСТЕМНИ КОНТРОЛНИ НОМЕРА | |
| Koha biblioitemnumber | 144233 |
| 999 ## - СИСТЕМНИ КОНТРОЛНИ НОМЕРА | |
| Koha biblioitemnumber | 144233 |
| 999 ## - СИСТЕМНИ КОНТРОЛНИ НОМЕРА | |
| Koha biblioitemnumber | 144233 |
| Код за отписване | Код за изгубен артикул | Източник на класификационната схема | Код за повреда | Коз за рестрикции | Код за отдаване | Артикулен № | Име на библиотеката - собственик | Име на библиотеката, в която се намира в момента | Статус (Текущо местоположение) | Дата на вписване в системата | Местоположение - отдел | Цена в лева | Инвентарен номер | Систематично азбучна сигнатура | Баркод | Номер на екземпляра | Цена в евро | Служебна бележка | Служебен тип на артикула |
|---|---|---|---|---|---|---|---|---|---|---|---|---|---|---|---|---|---|---|---|
| Не е изгубен | Universal Decimal Classification | Не е повреден | без рестрикции | ползва се в читалня | 239683 | Регионална библиотека "Любен Каравелов" Русе | Регионална библиотека "Любен Каравелов" Русе | Хранилище | 1965-01-01 | Хранилище | 1.56 | 10780/65 | Цб ІІ 18937 | 900000047900 | 1 | 0.80 | N: стар фонд Дата: 01.01.1965 | Книги | |
| Не е изгубен | Universal Decimal Classification | Не е повреден | без рестрикции | заемане за дома | 239684 | Регионална библиотека "Любен Каравелов" Русе | Регионална библиотека "Любен Каравелов" Русе | Детски отдел | 1965-01-01 | Детски отдел | 1.56 | 11403/65 | ДХ 820/899/К 42 | 900000103163 | 2 | 0.80 | N: стар фонд Дата: 01.01.1965 Дата инв: 17.08.2015 Бележки инв: Д2015 | Книги |